000 00403nam a2200157 a 4500
005 20140412111306.0
008 110128s19uu xx 00 eng d
020 _a0-439-33016-5
050 _aTR(PS E
_bIs1 2001
100 _aMaccarone, Grace
245 _aI See a leaf /
_cGrace Maccarone.
260 _aU.S.A :
_bScholastic,
_c2001.
300 _aunp.
440 _aHello reader 1
999 _c103679
_d103679